Matemática; solucionario iii /
Guardado en:
| Autor Principal: | |
|---|---|
| Formato: | Libro |
| Publicado: |
Madrid :
Santillana,
1978
|
| Materias: | |
| Etiquetas: |
Agregar Etiqueta
Sin Etiquetas, Sea el primero en etiquetar este registro!
|
| LEADER | 00719nam a22001935a 4500 | ||
|---|---|---|---|
| 001 | CEM.cems000524 | ||
| 005 | 20060210000000.0 | ||
| 008 | 130507s1978##################000#0#####d | ||
| 003 | CEMS | ||
| 082 | 0 | 4 | |a 510 |
| 100 | 1 | |a Anzola, Máximo | |
| 245 | 1 | 0 | |a Matemática; solucionario iii / |
| 260 | |a Madrid : |b Santillana, |c 1978 | ||
| 300 | |a 198 p. | ||
| 505 | 0 | |a Producto escalar; Trigonometria; Geometría euclidea del plano; Los numeros complejos en forma polar; Calculo diferencial; Calculo integral; Estadistica | |
| 653 | |a Matematica | ||
| 653 | |a Matematica 5to. aÑo-ejercicios | ||
| 859 | |a CEMS |b BIB. CEMS - 11 de abril |h 510 |i An98-1/III |p 9226.81 |t Ej.1 | ||
| 859 | |a CEMS |b BIB. CEMS - 11 de abril |h 510 |i An98-1/III |p 9423.81 |t Ej.2 | ||
